01001nam a22001337a 4500008004100000040005500041080001800096245005400114260003500168490004000203500058400243650001400827700002600841230503b |||||||| |||| 00| 0 eng d aNational Science LibrarycNational Science Library a541.1(047.1)  aPhysical chemistry: bSeries one c/ Butterworths aLondon: bButterworths, c1972 aMTP international review of science aVol. 1 (Theoretical chemistry); ISBN: 0-8391-1015-4; 595p. Vol. 2 (Molecular Structure and properties); ISBN: 0-8391-1016-2; 264p. Vol. 5 (Mass spectrometry); ISBN: 0-8391-1019-7; 300p. Vol. 6 (Electrochemistry); ISBN: 0-8391-1020-9; 332p. Vol. 7 (Surface chemistry and colloids); ISBN: 0-8391-1021-0; 306p. Vol. 8 (Macromolecular science); ISBN: 0-8391-1022-7; 369p. Vol. 9 (Chemical kinetics); ISBN: 0-8391-1023-5; 322p. Vol. 10 (Thermochemistry and thermodynamics); ISBN: 0-8391-1024-3 Vol. 11 (Chemical crystallography); 0-8391-1025-1; 346p. Index Volume; 0-8391-10286; 284p. aChemistry aBuckingham, A D (Ed.)